Vodka Cranberry- Conan Gray Lyrics - Statistics

General Stats
  • This quiz has been taken 96 times
  • The average score is 290 of 304
Answer Stats
Section Lyrics % Correct
a
100%
at
100%
be
100%
been
100%
cranberry
100%
drunk
100%
Got
100%
I
100%
in
100%
of
100%
off
100%
say
100%
the
100%
then
100%
to
100%
too
100%
vodka
100%
way
100%
Verse 1 You
100%
you
100%
your
100%
you've
100%
an
98%
and
98%
And
98%
baby
98%
break
98%
brown
98%
but
98%
cried
98%
do
98%
don't
98%
Bridge Don't
98%
fine
98%
hate
98%
If
98%
it
98%
know
98%
leave
98%
like
98%
May
98%
me
98%
same
98%
so
98%
So
98%
Chorus Speak
98%
time
98%
took
98%
up
98%
waiting
98%
we
98%
will
98%
back
96%
crying
96%
eyes
96%
It's
96%
look
96%
Looked
96%
middle
96%
my
96%
name
96%
night
96%
picture
96%
won't
96%
are
94%
place
94%
sixteenth
94%
that
94%
things
94%
this
94%
Pre-Chorus As
92%
Called
92%
end
92%
fourth
92%
love
92%
notice
92%
sounds
92%
strange
92%
everything
90%
green
90%
imbecile
90%
noticed
90%
we're
90%
you're
90%
February
88%
quick
88%
yeah
88%
Yeah
88%
Oh
86%
oh
86%
cap
82%
Pre-Chorus Since
82%
changed
80%
through
80%
T-shirt
80%
has
78%
knows
78%
nothing
78%
Verse 2 Now
78%
Pretending
78%
scared
78%
casually
76%
Everybody
76%
face
76%
mean
76%
Wailing
76%
cruel
75%
dumb
71%
Polo
69%
make
67%
steal
67%
what
67%
straight
63%
lying
61%
Cause
57%
No matching quizzes found
Score Distribution
Percent of People with Each Score
Percentile by Number Answered
Your Score History
You have not taken this quiz